Länder mit den meisten Wolkenkratzern - Statistiken

Allgemein
  • Dieses Quiz wurde 41 mal gespielt
  • Das Durchschnittsergebnis liegt bei 17 aus 20
Antwortstatistiken
Hint Antwort % Korrekt
3638 China
100%
287 Japan
100%
931 Vereinigte Staaten
100%
55 Mexiko
97%
65 Russland
97%
281 Südkorea
97%
77 Brasilien
94%
138 Indien
94%
139 Indonesien
94%
345 Vereinigte Arabische Emirate
94%
185 Kanada
88%
146 Thailand
82%
51 Vereinigtes Königreich
82%
329 Malaysia
79%
166 Australien
76%
100 Singapur
73%
79 Türkei
73%
134 Philippinen
67%
57 Katar
64%
68 Panama
30%
Keine übereinstimmenden Quizze gefunden
Verteilung der Resultate
Anzahl Personen mit jedem Resultat
Perzentil nach korrekt beantworteten Fragen
Ihre Resultats-Entwicklung
Sie haben dieses Quiz noch nicht gespielt